Metódy daňového odpisovania hmotného a nehmotného majetku

Štandardné metódy odpisovania. Rovnomerná metóda odpisovania. Zrýchlená metóda odpisovania. Osobitné metódy odpisovania. Leasingová metóda odpisovania. Časová metóda odpisovania. Výkonná metóda odpisovania. Praktické príklady.

Gespeichert in:
Bibliographische Detailangaben
1. Verfasser: Fekete, Imrich
Format: Buchkapitel
Sprache:Slowakisch
Schlagworte:
Tags: Tag hinzufügen
Keine Tags, Fügen Sie das erste Tag hinzu!

MARC

LEADER 00000naa a2200000 4500
001 r034274
005 20230926080905.5
041 0 |a slo 
044 |a SK 
245 1 0 |a Metódy daňového odpisovania hmotného a nehmotného majetku  |c Imrich Fekete 
520 |a Štandardné metódy odpisovania. Rovnomerná metóda odpisovania. Zrýchlená metóda odpisovania. Osobitné metódy odpisovania. Leasingová metóda odpisovania. Časová metóda odpisovania. Výkonná metóda odpisovania. Praktické príklady. 
610 2 0 |a odpisy 
610 2 0 |a odpisy daňové 
610 2 0 |a daňovníci 
610 2 0 |a majetok hmotný 
610 2 0 |a majetok nehmotný 
100 1 |a Fekete, Imrich